|
|
|
|
| LEADER |
01344nam a2200361Ia 4500 |
| 001 |
EBC3018966 |
| 003 |
MiAaPQ |
| 005 |
20200520144314.0 |
| 006 |
m o d | |
| 007 |
cr cn||||||||| |
| 008 |
100930s2011 nyua sb 001 0 eng d |
| 010 |
|
|
|z 2010041344
|
| 020 |
|
|
|z 9781612090467
|
| 020 |
|
|
|z 9781611225471 (hardcover)
|
| 035 |
|
|
|a (MiAaPQ)EBC3018966
|
| 035 |
|
|
|a (Au-PeEL)EBL3018966
|
| 035 |
|
|
|a (CaPaEBR)ebr10662772
|
| 035 |
|
|
|a (OCoLC)750627841
|
| 040 |
|
|
|a MiAaPQ
|c MiAaPQ
|d MiAaPQ
|
| 050 |
|
4 |
|a HB501
|b .C242453 2011
|
| 082 |
0 |
4 |
|a 330.12/2
|2 22
|
| 245 |
0 |
0 |
|a Capitalism in business, politics and society
|h [electronic resource] /
|c Eugene N. Shelton, editor.
|
| 260 |
|
|
|a Hauppauge, N.Y. :
|b Nova Science Publisher's,
|c c2011.
|
| 300 |
|
|
|a xii, 188 p. :
|b ill.
|
| 490 |
0 |
|
|a Economic issues, problems and perspectives
|
| 504 |
|
|
|a Includes bibliographical references and index.
|
| 533 |
|
|
|a Electronic reproduction. Ann Arbor, MI : ProQuest, 2015. Available via World Wide Web. Access may be limited to ProQuest affiliated libraries.
|
| 650 |
|
0 |
|a Capitalism
|v Case studies.
|
| 650 |
|
0 |
|a Capital
|v Case studies.
|
| 655 |
|
4 |
|a Electronic books.
|
| 700 |
1 |
|
|a Shelton, Eugene N.
|
| 710 |
2 |
|
|a ProQuest (Firm)
|
| 856 |
4 |
0 |
|u https://ebookcentral.proquest.com/lib/matrademy/detail.action?docID=3018966
|z Click to View
|